000 01136nam a22002537a 4500
005 20210325175918.0
008 s2541 th tha d
041 _atha
050 _aP90 ป167ก 2541
100 0 _aปรมะ สตะเวทิน
245 1 0 _aการสื่อสารมวลชน : กระบวนการและทฤษฎี [2nd]
260 3 _aกรุงเทพฯ :
_bคณะนิเทศศาสตร์ จุฬาลงกรณ์มหาวิทยาลัย,
_c2541
300 _a271 หน้า :
_b แผนภูมิ, ตาราง ;
_c 26 ซม.
650 0 4 _aนักสื่อสารมวลชน
650 0 4 _aการสื่อข่าวและการเขียนข่าว
650 0 4 _aข่าว
650 0 4 _aจรรยาบรรณสื่อมวลชน
650 0 4 _aสื่อมวลชนกับการพัฒนาประเทศ
650 0 4 _aสื่อมวลชน
850 _aNALT
942 _cGB
_01
997 _c000000000008005
998 _aBENJALUCK SUTTHIWILAI
999 _c8005
_d8005